00472nam a2200145Ia 4500008004100000020001400041245006600055260004900121516002000170650002600190650001300216650001600229830004200245856003900287140925s9999 xx 000 0 und d a2167-9541 aJournal of Financial Risk Management /h[electronic resource] bScientific Research Publishing Inc.,cc2014. aElectronic text aFinancial Management. aJournal. aManagement. aScientific Research Publishing Inc.  uhttp://www.scirp.org/journal/jfrm/